| 000 | 01048nam a2200337 i 4500 | ||
|---|---|---|---|
| 001 | 000047118 | ||
| 003 | DO-SdBNP | ||
| 005 | 20250610131515.0 | ||
| 007 | ta | ||
| 008 | 250610s2014 dr a 000 0 spa d | ||
| 020 | _a9789945118384 | ||
| 040 |
_aDO-SdBNP _bspa _cBNPHU _erda |
||
| 041 | _hspa | ||
| 082 |
_axxxx _bM722m _222 |
||
| 100 | 1 |
_aMolina Moloon, Andrés _eautor _96595 |
|
| 245 | 1 | 0 |
_aMatemáticas 4 : _beducación media, 2do.grado/2do. ciclo / _cAndrés Molina Moloon , Jacinto Féliz Méndez ; ilustrador Ruddy Nuñez |
| 260 | _c2015. | ||
| 264 |
_aSanto Domingo : _bSantillana, _c2014 |
||
| 300 |
_a279 páginas : _bil.ustraciones ; _c28 cm. _e+CD-ROM |
||
| 336 |
_ardacontent _btexto _2txt |
||
| 337 |
_ardamedia _bsin mediación _2n |
||
| 338 |
_ardacarrier _bvolumen _2nc |
||
| 490 | 1 | _aSerie innova | |
| 500 | _aLibro de texto | ||
| 590 | _aInventariado, 2025/DG | ||
| 700 | 1 |
_aFéliz Méndez, Jacinto _923171 |
|
| 700 | 1 |
_aNúñez, Ruddy, _eilustrador _923171 |
|
| 830 | _930856 | ||
| 910 | _aDG | ||
| 942 |
_2ddc _cLBS1 |
||
| 999 |
_c59201 _d59201 |
||